Nuevas doctrinas de la soledad /

Obra que invita al lector a una travesía intelectual que concibe la soledad no como aislamiento, sino como un espacio fértil para el conocimiento, la atención y la resistencia frente al embrutecimiento de la vida cotidiana. El autor reflexiona sobre el pensamiento, la lectura, la traducción, el arte...

Ful tanımlama

Kaydedildi:
Detaylı Bibliyografya
Yazar: Morey, Miguel (autor)
Materyal Türü: Kitap
Dil:İspanyolca
Baskı/Yayın Bilgisi: Madrid, España : Sexto Piso, 2025, c2025
Seri Bilgileri:(Ensayo Sexto Piso)
Konular:
Etiketler: Etiketle
Etiket eklenmemiş, İlk siz ekleyin!

MARC

LEADER 00000nam^a2200000^a^4500
001 000628058
005 20260213000000.0
009 20260310134106.158
020 |a 978-84-10249-63-9 
037 |a Acervo ITESO - Biblioteca 
041 |a ESP 
082 |a 155. 92  |b MOR 
100 |a Morey, Miguel  |e (autor) 
245 1 0 |a Nuevas doctrinas de la soledad /  |c M. Morey. 
264 4 |a Madrid, España :  |b Sexto Piso,  |c 2025, c2025 
300 |a 759 p. 
336 |a texto  |b txt  |2 rdacontenido 
337 |a sin mediación  |b n  |2 rdamedio 
338 |a volumen  |b nc  |2 rdasoporte 
440 1 |a (Ensayo Sexto Piso) 
520 |a Obra que invita al lector a una travesía intelectual que concibe la soledad no como aislamiento, sino como un espacio fértil para el conocimiento, la atención y la resistencia frente al embrutecimiento de la vida cotidiana. El autor reflexiona sobre el pensamiento, la lectura, la traducción, el arte y la experiencia del presente. 
521 |a FIL 2025 DIA 
649 |a XX 
650 |a Vida Cotidiana -  |x Filosofía 
650 |a Soledad -  |x Filosofía -  |x Tema Principal 
650 |a Existencia 
650 |a Tristeza 
650 |a Melancolía y Nostalgia 
650 |a Sentimientos 
650 |a Psicología 
910 |a Fondo General 
920 |a Impresos - Libros 
930 |a Colección General 
905 |a 101 
901 |a 628398-10  |b IT1  |c ACC  |d EN  |i C192539  |u 20260213 
902 |a https://opac.biblio.iteso.mx/vufind/Record/000628058